<?xml version="1.0" encoding="UTF-8"?>
<collection xmlns="http://www.loc.gov/MARC21/slim">
 <record>
  <leader>01672nam a2200205Ia 4500</leader>
  <controlfield tag="001">CTU_89292</controlfield>
  <controlfield tag="008">210402s9999    xx            000 0 und d</controlfield>
  <datafield tag="082" ind1=" " ind2=" ">
   <subfield code="a">330</subfield>
  </datafield>
  <datafield tag="082" ind1=" " ind2=" ">
   <subfield code="b">H466</subfield>
  </datafield>
  <datafield tag="100" ind1=" " ind2=" ">
   <subfield code="a">Heilbroner, Robert</subfield>
  </datafield>
  <datafield tag="245" ind1=" " ind2="0">
   <subfield code="a">Teachings from the worldly philosophy</subfield>
  </datafield>
  <datafield tag="245" ind1=" " ind2="0">
   <subfield code="c">Robert Heilbroner</subfield>
  </datafield>
  <datafield tag="260" ind1=" " ind2=" ">
   <subfield code="a">New York</subfield>
  </datafield>
  <datafield tag="260" ind1=" " ind2=" ">
   <subfield code="b">W.W. Norton</subfield>
  </datafield>
  <datafield tag="260" ind1=" " ind2=" ">
   <subfield code="c">1996</subfield>
  </datafield>
  <datafield tag="520" ind1=" " ind2=" ">
   <subfield code="a">This sequel to Heilbroner's classic survey of the great economists, The Worldly Philosophers, published four decades ago, is an anthology of writings of some 20 economic thinkers ranging from Aristotle to Malthus, Marx, Veblen and Schumpeter, with interlinking commentaries. Making the dismal science palatable with carefully chosen selections, Heilbroner often highlights underappreciated aspects of these economists' thinking; for example, Lord Keynes's wholly negative appraisal of Marxism, or Adam Smith's scathing critique of landlords and capitalists. He lets the thinkers speak for themselves as they analyze the workings of a market-driven economy and how it molds the behaviors of ordinary people. This adventurous omnibus includes economic insights from the Bible and Bernard Mandeville's 1705 poem, &quot;The Grumblilng Hive,&quot; upholding mild fraud, luxury and appeals to pride as necessary agents of a prosperous business civilization. Heilbroner concludes that economics is inextricably sociopolitical in nature, and he urges a new crop of dissenting economists to take full account of ecological threats, political instabilities and new technologies.</subfield>
  </datafield>
  <datafield tag="650" ind1=" " ind2=" ">
   <subfield code="a">Economics</subfield>
  </datafield>
  <datafield tag="650" ind1=" " ind2=" ">
   <subfield code="x">History</subfield>
  </datafield>
  <datafield tag="904" ind1=" " ind2=" ">
   <subfield code="i">Nguyên</subfield>
  </datafield>
  <datafield tag="980" ind1=" " ind2=" ">
   <subfield code="a">Trung tâm Học liệu Trường Đại học Cần Thơ</subfield>
  </datafield>
 </record>
</collection>
